00796nam a22001937a 450000500170000000800410001702000150005804000070007304100080008008200220008810000210011024500240013126000420015530000270019736500310022452002920025565000330054770000220058020230623151726.0230623b ||||| |||| 00| 0 eng d a0333923154 cAL aeng 223a820.301bMISF aGaneshwar Mishra aFace of the morning aMadrasbMacmillan India Limitedc1996 avi,119p.bPBc21x13cm. 2Englishb70.00c₹d70.00 aAvailable in English translation, this book is one of a collection of leading Indian post-independence novels. Each text is supported with an introduction and either detailed footnotes or a glossary as appropriate. Publication coincides with the 50th anniversary of Indian independence.  aIndian English Small Stories aMISHRA (Ganeswar)